| 000 | 01105nam a2200265 a 4500 | ||
|---|---|---|---|
| 001 | 12831 | ||
| 003 | BD-JhCC | ||
| 005 | 20230517121308.0 | ||
| 008 | 230517s20192011b |||| |||| 000 0 ben d | ||
| 020 | _a9789849457190 | ||
| 035 | _a(BD-JhCC)12831 | ||
| 040 |
_aBD-JhCC _dBD-JhCC |
||
| 041 | _aben | ||
| 082 |
_a346.0134 _bSIR 2019 |
||
| 100 | _aসিরাজী, মুফতী আবু বকর | ||
| 245 |
_aমুক্তবাসিনী : _bবেপর্দা ও উচ্ছৃঙ্খল জীবনের বিষফল এবং তার সত্যাশ্রয়ী বিশ্লেষণ / _cমুফতী আবু বকর সিরাজী, |
||
| 260 |
_aঢাকা : _bদারুল উলুম লাইব্রেরী, _c২০১৯ |
||
| 300 |
_a৪১৪ পৃ. : _c২১ সেমি. |
||
| 504 | _aগ্রন্থপঞ্জি অর্ন্তভূক্ত। | ||
| 650 | _aPurda | ||
| 650 | _aVelis-Religious aspects --Islam | ||
| 650 | _aMuslim Women--Clothing | ||
| 650 | _aHijab (islamic clothing) | ||
| 942 |
_2ddc _cBK |
||
| 999 |
_c12831 _d12831 |
||